Datos de equilibrio liquido-vapor y su tratamiento termodinámico /

Guardado en:
Autor Principal: Monfort, J. P.
Otros Autores: Rojas L.
Formato: Libro
Idioma:Spanish
English
Publicado: [México] : Instituto Méxicano del Petróleo (IMP), 1982.
Edición:Edición Español-Inglés.
Series:Series científicas
Materias:
Etiquetas: Agregar Etiqueta
Sin Etiquetas, Sea el primero en etiquetar este registro!
LEADER 00944nam a22002535a 4500
001 EIQ.libpla000631
008 060412s1982####mx#a#####b####000#0#spa#d
005 20130301162530.0
245 1 0 |a Datos de equilibrio liquido-vapor y su tratamiento termodinámico /  |c J.P. Monfort y L. Rojas R. 
250 |a Edición Español-Inglés. 
260 |a [México] :  |b Instituto Méxicano del Petróleo (IMP),  |c 1982. 
300 |a 95 p. :  |b il., tablas ;  |c 20 cm. 
440 0 |a Series científicas 
504 |a Incluye referencias bibliográficas 
500 |a Texto en español e inglés. 
020 |a 9684890001 
100 1 |a Monfort, J. P. 
700 1 |a Rojas L. 
650 7 |a Equilibrio líquido-vapor  |x Datos. 
650 7 |a Equilibrium liquid-vapor  |x Dates. 
040 |a AR-BbSID  |b spa  |c AR-BbSID 
041 1 |a spa  |a eng 
859 |a AR-BbSID  |b BIB. PLAPIQUI  |h 541.363  |i M 1  |p 1892  |t Ej. 1  |v Ej. 1 
859 |a AR-BbSID  |b BIB. PLAPIQUI  |h 541.363  |i M 1  |p 2596  |t Ej. 2  |v Ej. 2